000 00679nam a2200265Ia 4500
005 20260121165840.0
008 008 260114s9999 xx 000 0 eng d
020 _a9789811005220
037 _aEBOOK
040 _aCRL
040 _beng
040 _cCRL
041 _2eng
041 _aeng
084 _qCRL
100 _aSubramanian Senthilkannan Muthu, Miguel Angel Gardetti
_91056797
245 0 _aSustainable Fibres for Fashion Industry
260 _bSpringer
260 _bSpringer
260 _c2016
856 _uhttps://link.springer.com/openurl?genre=book&isbn=978-981-10-0522-0
942 _cEBOOK
999 _c1622525
_d1622525